000 00405pab a2200157 454500
008 180718b2015 xxu||||| |||| 00| 0 eng d
100 _aSen, Arunava
245 _aThe contribution of John Nash to game theory and economics
260 _c2015
300 _ap.75-80.
362 _a28 Nov
650 _aEconomics
650 _aNash, John
773 _aEconomic and Political Weekly
909 _a109712
999 _c109707
_d109707